000 00740nam a2200229 a 4500
999 _c5599
_d5599
001 5599
003 BD-JhCC
005 20171218185259.0
008 171218s1991 bg a|||| ||a| 001 0 ben d
020 _a9840800442
035 _a(BD-JhCC) 5599
040 _aBD-JhCC
_dBD-JhCC
041 _aben
082 _a519.5
_bELA 1991
100 _aইলাহী, মউদুদ
245 _aপরিসংখ্যান পদ্ধতি এবং স্থানিক বিশ্লেষণ /
_c মউদুদ ইলাহী
260 _aঢাকা :
_bএকাডেমিক পাবলিশার্স ঢাকা ,
_c1991
300 _a255 p .:
_c25 cm .
650 _aStatistics
942 _2ddc
_cBK